Normal view MARC view
  • Tlaxcala

Entry Nombre Geográfico

Number of records used in: 6

001 - NÚMERO DE CONTROL

  • campo de control: 24488

003 - IDENTIFICADOR DE NUMERO DE CONTROL

  • campo de control: MX-MxUPN

005 - FECHA Y HORA DE LA ÜLTIMA TRANSACCIÓN

  • campo de control: 20230531095804.0

008 - DATOS DE LONGITUD FIJA

  • campo de control de longitud fija: 230531 n fnznnaaba n ana |d

035 ## - NÚMERO DE CONTROL

  • Número de control: UPN10000024497

040 ## - FUENTE DE CATALOGACIÓN

  • Lenguaje de catalogación: spa
  • Agencia de catalogación original: MX-MxUPN

151 ## - ENCABEZAMIENTO - NOMBRE GEOGRÁFICO

  • Nombre geográfico: Tlaxcala
  • Subdivisión general : Descripción y viajes

670 ## - FUENTE EN LA QUE SE LOCALIZARON DATOS

  • Cita de la fuente: Escamilla Gonzalez, G. Lista de encabezamientos de materia, 1978 :
  • Información localizada: página 793 (Tamaulipas -- Descripción y viajes)

902 ## - CATALOGADOR

  • Catalogador: EMR/020216
  • Catalogador: VíctorGodínez/310523